[Event "DEM U18 2023"]
[Site "Willingen GER"]
[Date "2023.05.28"]
[Round "2"]
[White "Lutz, Ruben"]
[Black "Bui, Bao Anh Le"]
[Result "1/2-1/2"]
[Termination "normal"]
[Board "9"]
[WhiteElo "2211"]
[BlackElo "2136"]
[WhiteClock "00:19:21"]
[BlackClock "00:26:12"]
[PlyCount "43"]
[WhiteFideId "12975974"]
[BlackFideId "12970719"]
[EventCountry "GER"]
[EventRounds "9"]
[EventType "swiss"]
[EventDate "2023.05.27"]

1. d4 {[%clk 01:30:58]} {[%emt 00:00:02]} d5 {[%clk 01:29:42]} {[%emt
00:01:19]} 2. c4 {[%clk 01:31:21]} {[%emt 00:00:07]} e6 {[%clk 01:29:42]}
{[%emt 00:00:30]} 3. Nf3 {[%clk 01:31:41]} {[%emt 00:00:08]} Nf6 {[%clk
01:29:28]} {[%emt 00:00:45]} 4. g3 {[%clk 01:31:29]} {[%emt 00:00:42]} Be7
{[%clk 01:25:21]} {[%emt 00:04:38]} 5. Bg2 {[%clk 01:31:50]} {[%emt 00:00:08]}
O-O {[%clk 01:25:28]} {[%emt 00:00:22]} 6. O-O {[%clk 01:32:08]} {[%emt
00:00:13]} c6 {[%clk 01:25:34]} {[%emt 00:00:25]} 7. Qc2 {[%clk 01:32:25]}
{[%emt 00:00:13]} b6 {[%clk 01:24:52]} {[%emt 00:01:11]} 8. Nbd2 {[%clk
01:32:32]} {[%emt 00:00:22]} Bb7 {[%clk 01:24:18]} {[%emt 00:01:05]} 9. e4
{[%clk 01:32:20]} {[%emt 00:00:42]} Na6 {[%clk 01:20:58]} {[%emt 00:03:51]} 10.
a3 {[%clk 01:09:36]} {[%emt 00:23:13]} c5 {[%clk 01:10:46]} {[%emt 00:10:42]}
11. cxd5 {[%clk 01:06:10]} {[%emt 00:03:56]} exd5 {[%clk 01:07:41]} {[%emt
00:03:36]} 12. e5 {[%clk 01:02:57]} {[%emt 00:03:43]} Ne4 {[%clk 01:07:18]}
{[%emt 00:00:53]} 13. dxc5 {[%clk 00:59:50]} {[%emt 00:03:37]} Naxc5 {[%clk
01:06:52]} {[%emt 00:00:55]} 14. b4 {[%clk 00:57:21]} {[%emt 00:02:59]} Ne6
{[%clk 01:05:14]} {[%emt 00:02:08]} 15. Bb2 {[%clk 00:56:15]} {[%emt 00:01:36]}
Rc8 {[%clk 00:59:45]} {[%emt 00:05:59]} 16. Qd3 {[%clk 00:45:27]} {[%emt
00:11:17]} a5 {[%clk 00:58:35]} {[%emt 00:01:41]} 17. b5 {[%clk 00:39:49]}
{[%emt 00:06:09]} N4c5 {[%clk 00:36:36]} {[%emt 00:22:28]} 18. Qe3 {[%clk
00:37:23]} {[%emt 00:02:56]} Na4 {[%clk 00:35:17]} {[%emt 00:01:49]} 19. Bd4
{[%clk 00:36:52]} {[%emt 00:01:02]} Qd7 {[%clk 00:33:49]} {[%emt 00:01:57]} 20.
Qb3 {[%clk 00:26:37]} {[%emt 00:10:45]} Nac5 {[%clk 00:31:12]} {[%emt
00:03:08]} 21. Qb1 {[%clk 00:22:40]} {[%emt 00:04:26]} a4 {[%clk 00:26:12]}
{[%emt 00:05:31]} 22. Rc1 {[%clk 00:19:21]} {[%emt 00:03:49]} 1/2-1/2

[Event "DEM U18 2023"]
[Site "Willingen GER"]
[Date "2023.05.28"]
[Round "2"]
[White "Wurmbauer, Nils"]
[Black "Weihrauch, Jakob"]
[Result "0-1"]
[Termination "normal"]
[Board "10"]
[WhiteElo "1995"]
[BlackElo "2291"]
[WhiteClock "00:04:14"]
[BlackClock "00:59:51"]
[PlyCount "66"]
[WhiteFideId "16253337"]
[BlackFideId "16210115"]
[EventCountry "GER"]
[EventRounds "9"]
[EventType "swiss"]
[EventDate "2023.05.27"]

1. e4 {[%clk 01:30:57]} {[%emt 00:00:02]} c5 {[%clk 01:30:52]} {[%emt
00:00:08]} 2. Nf3 {[%clk 01:31:23]} {[%emt 00:00:04]} d6 {[%clk 01:31:19]}
{[%emt 00:00:03]} 3. d4 {[%clk 01:31:48]} {[%emt 00:00:05]} cxd4 {[%clk
01:31:48]} {[%emt 00:00:02]} 4. Nxd4 {[%clk 01:32:04]} {[%emt 00:00:14]} Nf6
{[%clk 01:32:14]} {[%emt 00:00:04]} 5. Nc3 {[%clk 01:32:27]} {[%emt 00:00:07]}
a6 {[%clk 01:32:41]} {[%emt 00:00:03]} 6. Bg5 {[%clk 01:32:35]} {[%emt
00:00:21]} e6 {[%clk 01:33:05]} {[%emt 00:00:06]} 7. f4 {[%clk 01:28:11]}
{[%emt 00:04:54]} Be7 {[%clk 01:33:26]} {[%emt 00:00:09]} 8. Qf3 {[%clk
01:28:23]} {[%emt 00:00:18]} Qc7 {[%clk 01:33:09]} {[%emt 00:00:48]} 9. O-O-O
{[%clk 01:27:31]} {[%emt 00:01:21]} Nbd7 {[%clk 01:33:36]} {[%emt 00:00:03]}
10. Bd3 {[%clk 01:25:47]} {[%emt 00:02:14]} b5 {[%clk 01:33:36]} {[%emt
00:00:30]} 11. Rhe1 {[%clk 01:22:19]} {[%emt 00:03:58]} Bb7 {[%clk 01:33:41]}
{[%emt 00:00:26]} 12. g4 {[%clk 01:12:30]} {[%emt 00:10:18]} b4 {[%clk
01:26:14]} {[%emt 00:07:58]} 13. Nce2 {[%clk 01:10:43]} {[%emt 00:02:16]} h6
{[%clk 01:24:10]} {[%emt 00:02:35]} 14. Bh4 {[%clk 01:07:57]} {[%emt 00:03:16]}
g5 {[%clk 01:22:48]} {[%emt 00:01:51]} 15. fxg5 {[%clk 01:02:58]} {[%emt
00:05:29]} Ne5 {[%clk 01:23:04]} {[%emt 00:00:14]} 16. Qg3 {[%clk 00:54:23]}
{[%emt 00:09:05]} hxg5 {[%clk 01:22:42]} {[%emt 00:00:53]} 17. Bxg5 {[%clk
00:54:34]} {[%emt 00:00:19]} Nxe4 {[%clk 01:22:51]} {[%emt 00:00:21]} 18. Bxe4
{[%clk 00:54:54]} {[%emt 00:00:10]} Bxg5+ {[%clk 01:23:17]} {[%emt 00:00:03]}
19. Nf4 {[%clk 00:54:49]} {[%emt 00:00:35]} d5 {[%clk 01:19:04]} {[%emt
00:04:43]} 20. Kb1 {[%clk 00:43:34]} {[%emt 00:11:46]} Bxf4 {[%clk 01:19:08]}
{[%emt 00:00:26]} 21. Qxf4 {[%clk 00:43:14]} {[%emt 00:00:50]} dxe4 {[%clk
01:19:26]} {[%emt 00:00:11]} 22. Qf6 {[%clk 00:42:21]} {[%emt 00:01:23]} Rxh2
{[%clk 01:11:35]} {[%emt 00:08:21]} 23. Qg5 {[%clk 00:11:36]} {[%emt 00:31:14]}
Nf3 {[%clk 01:08:59]} {[%emt 00:03:07]} 24. Qg8+ {[%clk 00:11:16]} {[%emt
00:00:50]} Ke7 {[%clk 01:09:17]} {[%emt 00:00:11]} 25. Qg7 {[%clk 00:11:09]}
{[%emt 00:00:38]} Nxd4 {[%clk 01:09:15]} {[%emt 00:00:32]} 26. Qxd4 {[%clk
00:10:43]} {[%emt 00:00:56]} a5 {[%clk 01:05:51]} {[%emt 00:03:54]} 27. Qg7
{[%clk 00:08:54]} {[%emt 00:02:19]} Rg8 {[%clk 00:59:46]} {[%emt 00:06:35]} 28.
Rd7+ {[%clk 00:07:21]} {[%emt 00:02:03]} Kxd7 {[%clk 00:58:54]} {[%emt
00:01:22]} 29. Qxf7+ {[%clk 00:07:30]} {[%emt 00:00:21]} Kd6 {[%clk 00:59:14]}
{[%emt 00:00:10]} 30. Qf4+ {[%clk 00:06:07]} {[%emt 00:01:53]} Kc6 {[%clk
00:59:43]} {[%emt 00:00:01]} 31. Qxe4+ {[%clk 00:06:25]} {[%emt 00:00:12]} Kb6
{[%clk 00:59:30]} {[%emt 00:00:43]} 32. Qd4+ {[%clk 00:03:53]} {[%emt
00:03:02]} Qc5 {[%clk 00:59:28]} {[%emt 00:00:32]} 33. Rxe6+ {[%clk 00:04:14]}
{[%emt 00:00:10]} Bc6 {[%clk 00:59:51]} {[%emt 00:00:06]} 0-1

[Event "DEM U18 2023"]
[Site "Willingen GER"]
[Date "2023.05.28"]
[Round "2"]
[White "Nied, Pascal"]
[Black "Chitsazian, Daniel"]
[Result "1/2-1/2"]
[Termination "normal"]
[Board "11"]
[WhiteElo "2189"]
[BlackElo "1900"]
[WhiteClock "00:11:11"]
[BlackClock "00:17:55"]
[PlyCount "103"]
[WhiteFideId "16260597"]
[BlackFideId "34607560"]
[EventCountry "GER"]
[EventRounds "9"]
[EventType "swiss"]
[EventDate "2023.05.27"]

1. e4 {[%clk 01:30:57]} {[%emt 00:00:02]} c6 {[%clk 01:30:45]} {[%emt
00:00:15]} 2. d4 {[%clk 01:31:22]} {[%emt 00:00:05]} d5 {[%clk 01:31:08]}
{[%emt 00:00:07]} 3. Nd2 {[%clk 01:31:46]} {[%emt 00:00:05]} dxe4 {[%clk
01:31:30]} {[%emt 00:00:09]} 4. Nxe4 {[%clk 01:32:11]} {[%emt 00:00:05]} Nf6
{[%clk 01:31:33]} {[%emt 00:00:28]} 5. Nxf6+ {[%clk 01:32:26]} {[%emt
00:00:14]} exf6 {[%clk 01:32:00]} {[%emt 00:00:04]} 6. c3 {[%clk 01:32:36]}
{[%emt 00:00:18]} Bd6 {[%clk 01:31:58]} {[%emt 00:00:33]} 7. Bd3 {[%clk
01:32:57]} {[%emt 00:00:09]} Na6 {[%clk 01:32:25]} {[%emt 00:00:04]} 8. Qc2
{[%clk 01:24:36]} {[%emt 00:08:50]} Nc7 {[%clk 01:32:44]} {[%emt 00:00:11]} 9.
Ne2 {[%clk 01:19:11]} {[%emt 00:05:55]} Nd5 {[%clk 01:32:25]} {[%emt 00:00:49]}
10. a3 {[%clk 01:11:59]} {[%emt 00:07:42]} h5 {[%clk 01:17:13]} {[%emt
00:15:42]} 11. O-O {[%clk 00:53:58]} {[%emt 00:18:31]} Qc7 {[%clk 01:03:32]}
{[%emt 00:14:11]} 12. h3 {[%clk 00:49:40]} {[%emt 00:04:48]} g6 {[%clk
00:55:47]} {[%emt 00:08:15]} 13. c4 {[%clk 00:45:17]} {[%emt 00:04:52]} Ne7
{[%clk 00:52:02]} {[%emt 00:04:17]} 14. c5 {[%clk 00:39:20]} {[%emt 00:06:26]}
Bh2+ {[%clk 00:52:28]} {[%emt 00:00:04]} 15. Kh1 {[%clk 00:39:45]} {[%emt
00:00:04]} h4 {[%clk 00:52:50]} {[%emt 00:00:09]} 16. Re1 {[%clk 00:25:53]}
{[%emt 00:14:22]} Kf8 {[%clk 00:36:43]} {[%emt 00:16:36]} 17. Bd2 {[%clk
00:07:36]} {[%emt 00:18:48]} Kg7 {[%clk 00:37:10]} {[%emt 00:00:03]} 18. Ng1
{[%clk 00:04:32]} {[%emt 00:03:33]} Bxg1 {[%clk 00:25:44]} {[%emt 00:11:57]}
19. Kxg1 {[%clk 00:05:00]} {[%emt 00:00:02]} Bf5 {[%clk 00:25:11]} {[%emt
00:01:03]} 20. Bf4 {[%clk 00:03:01]} {[%emt 00:02:29]} Qd7 {[%clk 00:20:47]}
{[%emt 00:04:54]} 21. Rad1 {[%clk 00:03:14]} {[%emt 00:00:17]} Bxd3 {[%clk
00:20:38]} {[%emt 00:00:39]} 22. Qxd3 {[%clk 00:02:59]} {[%emt 00:00:45]} Nd5
{[%clk 00:19:54]} {[%emt 00:01:14]} 23. Bd6 {[%clk 00:03:11]} {[%emt 00:00:18]}
Rae8 {[%clk 00:16:30]} {[%emt 00:03:54]} 24. Re4 {[%clk 00:03:15]} {[%emt
00:00:26]} f5 {[%clk 00:11:14]} {[%emt 00:05:46]} 25. Rxe8 {[%clk 00:03:02]}
{[%emt 00:00:43]} Rxe8 {[%clk 00:11:19]} {[%emt 00:00:25]} 26. Qd2 {[%clk
00:03:02]} {[%emt 00:00:30]} Qe6 {[%clk 00:11:10]} {[%emt 00:00:39]} 27. Kf1
{[%clk 00:02:17]} {[%emt 00:01:14]} f6 {[%clk 00:08:31]} {[%emt 00:03:10]} 28.
Re1 {[%clk 00:01:33]} {[%emt 00:01:14]} Qxe1+ {[%clk 00:08:32]} {[%emt
00:00:29]} 29. Qxe1 {[%clk 00:02:02]} Rxe1+ {[%clk 00:09:01]} {[%emt 00:00:01]}
30. Kxe1 {[%clk 00:02:26]} {[%emt 00:00:06]} f4 {[%clk 00:06:50]} {[%emt
00:02:41]} 31. Ke2 {[%clk 00:02:17]} {[%emt 00:00:39]} g5 {[%clk 00:06:27]}
{[%emt 00:00:53]} 32. Kd3 {[%clk 00:01:09]} {[%emt 00:01:38]} f5 {[%clk
00:06:28]} {[%emt 00:00:29]} 33. Be5+ {[%clk 00:00:59]} {[%emt 00:00:40]} Kg6
{[%clk 00:06:37]} {[%emt 00:00:21]} 34. Bd6 {[%clk 00:00:57]} {[%emt 00:00:32]}
g4 {[%clk 00:05:36]} {[%emt 00:01:32]} 35. Ke2 {[%clk 00:01:04]} {[%emt
00:00:22]} Kg5 {[%clk 00:04:13]} {[%emt 00:01:53]} 36. Bb8 {[%clk 00:01:32]}
{[%emt 00:00:02]} a6 {[%clk 00:04:13]} {[%emt 00:00:30]} 37. Bd6 {[%clk
00:01:35]} {[%emt 00:00:27]} g3 {[%clk 00:03:05]} {[%emt 00:01:38]} 38. Kf3
{[%clk 00:01:42]} {[%emt 00:00:22]} Kf6 {[%clk 00:02:03]} {[%emt 00:01:33]} 39.
Be5+ {[%clk 00:01:13]} {[%emt 00:00:59]} Ke6 {[%clk 00:01:23]} {[%emt
00:01:10]} 40. Bd6 {[%clk 00:01:20]} {[%emt 00:00:23]} Kd7 {[%clk 00:00:47]}
{[%emt 00:01:06]} 41. Be5 {[%clk 00:25:44]} {[%emt 00:06:04]} Ke6 {[%clk
00:26:22]} {[%emt 00:04:56]} 42. Ke2 {[%clk 00:21:33]} {[%emt 00:04:41]} Kd7
{[%clk 00:23:32]} {[%emt 00:03:20]} 43. Kf3 {[%clk 00:21:46]} {[%emt 00:00:16]}
Ke7 {[%clk 00:20:59]} {[%emt 00:03:04]} 44. Ke2 {[%clk 00:20:43]} {[%emt
00:01:31]} Kf7 {[%clk 00:21:20]} {[%emt 00:00:11]} 45. Kf3 {[%clk 00:20:21]}
{[%emt 00:00:51]} Kg6 {[%clk 00:21:46]} {[%emt 00:00:05]} 46. Bd6 {[%clk
00:20:23]} {[%emt 00:00:27]} Kf6 {[%clk 00:22:04]} {[%emt 00:00:13]} 47. Be5+
{[%clk 00:20:17]} {[%emt 00:00:35]} Kg5 {[%clk 00:22:22]} {[%emt 00:00:14]} 48.
Bd6 {[%clk 00:20:21]} {[%emt 00:00:25]} Kh5 {[%clk 00:22:38]} {[%emt 00:00:14]}
49. Be5 {[%clk 00:20:30]} {[%emt 00:00:21]} a5 {[%clk 00:21:30]} {[%emt
00:01:38]} 50. a4 {[%clk 00:11:10]} {[%emt 00:09:50]} Kg6 {[%clk 00:17:59]}
{[%emt 00:04:01]} 51. b3 {[%clk 00:11:11]} {[%emt 00:00:28]} Kf7 {[%clk
00:17:55]} {[%emt 00:00:34]} 52. Ke4 {[%emt 00:01:31]} 1/2-1/2

[Event "DEM U18 2023"]
[Site "Willingen GER"]
[Date "2023.05.28"]
[Round "2"]
[White "Großmann, Piet"]
[Black "Müller, Magnus"]
[Result "1-0"]
[Termination "normal"]
[Board "12"]
[WhiteElo "1935"]
[BlackElo "2210"]
[WhiteClock "00:28:02"]
[BlackClock "00:20:23"]
[PlyCount "43"]
[WhiteFideId "16234359"]
[BlackFideId "16230060"]
[EventCountry "GER"]
[EventRounds "9"]
[EventType "swiss"]
[EventDate "2023.05.27"]

1. e4 {[%clk 01:30:57]} {[%emt 00:00:02]} c5 {[%clk 01:29:54]} {[%emt
00:01:07]} 2. Nf3 {[%clk 01:31:21]} {[%emt 00:00:06]} d6 {[%clk 01:29:24]}
{[%emt 00:00:59]} 3. d4 {[%clk 01:31:11]} {[%emt 00:00:41]} cxd4 {[%clk
01:29:48]} {[%emt 00:00:06]} 4. Nxd4 {[%clk 01:31:38]} {[%emt 00:00:03]} Nf6
{[%clk 01:30:11]} {[%emt 00:00:07]} 5. Nc3 {[%clk 01:32:04]} {[%emt 00:00:04]}
Nc6 {[%clk 01:30:35]} {[%emt 00:00:05]} 6. Bc4 {[%clk 01:32:30]} {[%emt
00:00:05]} Qb6 {[%clk 01:31:01]} {[%emt 00:00:04]} 7. Nb3 {[%clk 01:32:51]}
{[%emt 00:00:09]} e6 {[%clk 01:31:25]} {[%emt 00:00:05]} 8. Be3 {[%clk
01:22:11]} {[%emt 00:11:10]} Qc7 {[%clk 01:31:50]} {[%emt 00:00:06]} 9. O-O
{[%clk 01:22:04]} {[%emt 00:00:36]} a6 {[%clk 01:30:40]} {[%emt 00:01:41]} 10.
a4 {[%clk 01:21:45]} {[%emt 00:00:48]} b6 {[%clk 01:24:47]} {[%emt 00:06:24]}
11. f4 {[%clk 01:18:53]} {[%emt 00:03:21]} Be7 {[%clk 01:22:17]} {[%emt
00:03:00]} 12. Be2 {[%clk 01:11:36]} {[%emt 00:07:47]} Bb7 {[%clk 01:20:47]}
{[%emt 00:02:01]} 13. Bf3 {[%clk 01:11:41]} {[%emt 00:00:24]} Rd8 {[%clk
01:11:54]} {[%emt 00:09:23]} 14. Qe1 {[%clk 01:10:02]} {[%emt 00:02:09]} Nd7
{[%clk 01:02:08]} {[%emt 00:10:17]} 15. f5 {[%clk 00:51:52]} {[%emt 00:18:39]}
Nb4 {[%clk 00:35:11]} {[%emt 00:27:27]} 16. fxe6 {[%clk 00:44:24]} {[%emt
00:07:58]} fxe6 {[%clk 00:35:36]} {[%emt 00:00:05]} 17. Qg3 {[%clk 00:36:27]}
{[%emt 00:08:27]} Bf6 {[%clk 00:24:53]} {[%emt 00:11:13]} 18. Qxg7 {[%clk
00:28:33]} {[%emt 00:08:24]} Bxg7 {[%clk 00:19:03]} {[%emt 00:06:20]} 19. Bh5+
{[%clk 00:28:57]} {[%emt 00:00:05]} Ke7 {[%clk 00:19:29]} {[%emt 00:00:06]} 20.
Rf7+ {[%clk 00:29:17]} {[%emt 00:00:09]} Ke8 {[%clk 00:19:58]} {[%emt
00:00:02]} 21. Rxg7+ {[%clk 00:27:35]} {[%emt 00:02:11]} Kf8 {[%clk 00:20:23]}
{[%emt 00:00:05]} 22. Bh6 {[%clk 00:28:02]} {[%emt 00:00:03]} 1-0

[Event "DEM U18 2023"]
[Site "Willingen GER"]
[Date "2023.05.28"]
[Round "2"]
[White "Neugirg, Mika"]
[Black "Matthäi, Jakob"]
[Result "0-1"]
[Termination "normal"]
[Board "13"]
[WhiteElo "1781"]
[BlackElo "2046"]
[WhiteClock "00:00:52"]
[BlackClock "00:05:00"]
[PlyCount "73"]
[WhiteFideId "34619160"]
[BlackFideId "16240421"]
[EventCountry "GER"]
[EventRounds "9"]
[EventType "swiss"]
[EventDate "2023.05.27"]

1. Nf3 {[%clk 01:30:55]} {[%emt 00:00:03]} Nf6 {[%clk 01:30:49]} {[%emt
00:00:12]} 2. g3 {[%clk 01:31:05]} {[%emt 00:00:19]} c5 {[%clk 01:29:00]}
{[%emt 00:02:20]} 3. Bg2 {[%clk 01:31:21]} {[%emt 00:00:13]} Nc6 {[%clk
01:29:21]} {[%emt 00:00:11]} 4. O-O {[%clk 01:31:23]} {[%emt 00:00:27]} e5
{[%clk 01:27:28]} {[%emt 00:02:24]} 5. e4 {[%clk 01:30:58]} {[%emt 00:00:55]}
d6 {[%clk 01:25:30]} {[%emt 00:02:28]} 6. c3 {[%clk 01:30:14]} {[%emt
00:01:13]} Bg4 {[%clk 01:22:59]} {[%emt 00:03:02]} 7. h3 {[%clk 01:24:31]}
{[%emt 00:06:12]} Bh5 {[%clk 01:23:01]} {[%emt 00:00:29]} 8. Re1 {[%clk
01:15:32]} {[%emt 00:09:29]} Be7 {[%clk 01:22:59]} {[%emt 00:00:32]} 9. d3
{[%clk 01:06:48]} {[%emt 00:09:13]} Qd7 {[%clk 01:16:47]} {[%emt 00:06:43]} 10.
Kh2 {[%clk 01:06:56]} {[%emt 00:00:21]} O-O-O {[%clk 01:13:41]} {[%emt
00:03:36]} 11. Qa4 {[%clk 01:02:41]} {[%emt 00:04:45]} Kb8 {[%clk 01:09:16]}
{[%emt 00:04:55]} 12. Be3 {[%clk 01:00:20]} {[%emt 00:02:50]} Bxf3 {[%clk
00:45:43]} {[%emt 00:24:03]} 13. Bxf3 {[%clk 01:00:24]} {[%emt 00:00:25]} Nd4
{[%clk 00:40:10]} {[%emt 00:06:06]} 14. Qd1 {[%clk 00:56:32]} {[%emt 00:04:21]}
Nxf3+ {[%clk 00:39:33]} {[%emt 00:01:08]} 15. Qxf3 {[%clk 00:56:51]} {[%emt
00:00:09]} Qb5 {[%clk 00:39:14]} {[%emt 00:00:50]} 16. Qe2 {[%clk 00:55:56]}
{[%emt 00:01:24]} Qc6 {[%clk 00:37:36]} {[%emt 00:02:09]} 17. Bg5 {[%clk
00:36:35]} {[%emt 00:19:50]} Rhe8 {[%clk 00:35:57]} {[%emt 00:02:09]} 18. Bxf6
{[%clk 00:34:30]} {[%emt 00:02:36]} Bxf6 {[%clk 00:36:23]} {[%emt 00:00:04]}
19. c4 {[%clk 00:34:36]} {[%emt 00:00:24]} Rd7 {[%clk 00:34:21]} {[%emt
00:02:32]} 20. Nc3 {[%clk 00:33:03]} {[%emt 00:02:03]} Bd8 {[%clk 00:34:20]}
{[%emt 00:00:31]} 21. Nd5 {[%clk 00:33:01]} {[%emt 00:00:32]} f6 {[%clk
00:32:14]} {[%emt 00:02:37]} 22. a3 {[%clk 00:30:52]} {[%emt 00:02:38]} Rf7
{[%clk 00:28:52]} {[%emt 00:03:51]} 23. b4 {[%clk 00:29:24]} {[%emt 00:01:59]}
Ref8 {[%clk 00:28:41]} {[%emt 00:00:41]} 24. bxc5 {[%clk 00:23:13]} {[%emt
00:06:41]} Qxc5 {[%clk 00:27:44]} {[%emt 00:01:27]} 25. Ne3 {[%clk 00:18:44]}
{[%emt 00:04:59]} g6 {[%clk 00:26:13]} {[%emt 00:02:02]} 26. Reb1 {[%clk
00:13:44]} {[%emt 00:05:29]} Bb6 {[%clk 00:23:25]} {[%emt 00:03:17]} 27. Rb5
{[%clk 00:13:04]} {[%emt 00:01:11]} Qc6 {[%clk 00:23:38]} {[%emt 00:00:17]} 28.
Rab1 {[%clk 00:10:42]} {[%emt 00:02:52]} Bc5 {[%clk 00:19:08]} {[%emt
00:05:00]} 29. R1b3 {[%clk 00:05:45]} {[%emt 00:05:27]} a6 {[%clk 00:12:00]}
{[%emt 00:07:39]} 30. Ra5 {[%clk 00:05:25]} {[%emt 00:00:50]} Ka7 {[%clk
00:10:24]} {[%emt 00:02:05]} 31. Rbb5 {[%clk 00:01:23]} {[%emt 00:04:32]} b6
{[%clk 00:09:02]} {[%emt 00:01:53]} 32. Ra4 {[%clk 00:01:30]} {[%emt 00:00:22]}
Kb7 {[%clk 00:08:59]} {[%emt 00:00:31]} 33. Rbb4 {[%clk 00:00:52]} {[%emt
00:01:10]} Bxb4 {[%clk 00:08:59]} {[%emt 00:00:31]} 34. Rxb4 {[%clk 00:01:11]}
{[%emt 00:00:10]} Ka7 {[%clk 00:08:37]} {[%emt 00:00:52]} 35. Nd5 {[%clk
00:01:21]} {[%emt 00:00:20]} Rb7 {[%clk 00:08:34]} {[%emt 00:00:32]} 36. Qc2
{[%clk 00:00:54]} {[%emt 00:00:58]} f5 {[%clk 00:05:00]} {[%emt 00:04:04]} 37.
Qb3 {[%clk 00:00:52]} {[%emt 00:00:32]} 0-1